Nektárodajnosť a peľodajnosť vybraných liečivých rastlín

Bibliographic Details
Main Author: Popovič, Ivan, 1944- (Author)
Format: Article
Language:Slovak
PhysicalDescription:Tab.
ISSN:0139-6064
Subjects:

MARC

LEADER 00000nab a2200000 a 4500
001 vtls000782454
003 SK-MaSNL
005 20260304104131.0
008 250429c2001 xo 0 slo
015 |a SNBRB2002/02-05014 
035 |a CLN000134170 
035 |a urn:nbn:sk:snk-ab1rak 
035 |a (urnnbn)urn:nbn:sk:snk:ar-0064oy 
035 |a (uuid)4759f169-66a8-44e9-90d2-3ef8fdcaf21a 
040 |a SNKBUCL  |b slo  |c SNKBUCL  |e AACR2 
041 0 |a slo 
044 |a xo  |c SK 
080 |a 638.132  |2 1997 
080 |a 581.135.4/.5  |2 1997 
100 1 |a Popovič, Ivan,  |d 1944-  |4 aut  |9 193310 
245 1 0 |a Nektárodajnosť a peľodajnosť vybraných liečivých rastlín  |c Ivan Popovič 
300 |b Tab. 
650 0 7 |a liečivé rastliny  |2 SNKPH  |9 3510 
650 0 7 |a nektár  |2 SNKPH  |9 21822 
650 0 7 |a včelí peľ  |2 SNKPH  |9 108833 
650 0 7 |a včelia pastva  |2 SNKPH  |9 81467 
655 7 |a články z novín a časopisov  |2 SNK  |9 267496 
773 0 |t Včelár  |g Roč. 75, č. 9 (2001), s. 134-135  |x 0139-6064 
850 |a Slovenská národná knižnica 
852 |a Slovenská národná knižnica 
954 |a odborná, vedecká literatúra pôvodná (slovenská)  |2 lita 
958 |a article27 
958 |a OND 
958 |a EUIPO 
992 |a RBX 
999 |c 2850769  |d 2852699